Angelina Jolie Movies by Picture (Click) - Statistics

General Stats
  • This quiz has been taken 68 times
    23 since last reset
  • The average score is 8 of 16
Answer Stats
Hint Answer % Correct
Maleficent
100%
Eternals
91%
Mr. & Mrs. Smith
82%
Lara Croft: Tomb Raider
82%
Girl, Interrupted
73%
Alexander
73%
Beowulf
64%
The Tourist
55%
Gone in Sixty Seconds
45%
The Bone Collector
36%
Wanted
36%
Salt
36%
Gia
27%
The Good Shepherd
18%
Changeling
18%
Maria
9%
No matching quizzes found
Score Distribution
Percent of People with Each Score
Percentile by Number Answered
Your Score History
You have not taken this quiz since the last reset